| 000 | 01263cam a22003134a 4500 | ||
|---|---|---|---|
| 999 |
_c328450 _d328450 |
||
| 001 | 4047757 | ||
| 003 | Nust | ||
| 005 | 20170407115039.0 | ||
| 008 | 990514s2000 maua 001 0 eng | ||
| 010 | _a 99016020 | ||
| 020 | _a0073661473 | ||
| 040 |
_aDLC _cDLC _dDLC |
||
| 042 | _apcc | ||
| 050 | 0 | 0 | _b.B49 2000 |
| 082 | 0 | 0 |
_a363 BIS _221 |
| 100 | 1 | _aBishop, Paul L. | |
| 245 | 1 | 0 |
_aPollution prevention : _bfundamentals and practice / _cPaul L. Bishop. |
| 260 |
_aBoston : _bMcGraw-Hill, _cc2000. |
||
| 300 |
_axvii, 699 p. : _bill. ; _c25 cm. |
||
| 500 | _aIncludes index. | ||
| 501 | _aH.B | ||
| 650 | 0 |
_aFactory and trade waste _xManagement. |
|
| 650 | 0 | _aPollution prevention. | |
| 856 | 4 | 2 |
_3Publisher description _uhttp://www.loc.gov/catdir/description/mh023/99016020.html |
| 856 | 4 | 1 |
_3Table of contents _uhttp://www.loc.gov/catdir/toc/mh023/99016020.html |
| 906 |
_a7 _bcbc _corignew _d1 _eocip _f19 _gy-gencatlg |
||
| 942 |
_2ddc _cBK _k363 BIS |
||